000 00710nam a22002057a 4500
999 _c14172
_d14172
003 AR-CdUCM
008 190422b ||||| |||| 00| 0 spa d
040 _aMUNICIPALIDAD PROVINCIAL DEL CUSCO
_cBIBLIOTECA MUNICIPAL DEL CUSCO
082 _a808 /
_bC95
110 _aCentro Yanapanakusun
_932846
245 _aWillaway huk willakuyta noqataq paqarichisaq hukta qampaq :
_bCuentame un cuento y yo creo otro para ti /
260 _aLima :
_bAlpha servicios graficos,
_c2016.
300 _a107 paginas ;
_bilustraciones, graficos,
_c29 cm.
505 _aContenido: cuentos
650 _aCuentos
_9217
650 _aHistorias
_92725
650 _aPerĂº
_935
942 _2ddc
_cLIBROS
945 _apjha
_d2019-04-22